书目信息 |
| 题名: |
怎样提高解决物理问题的能力
|
|
| 作者: | 俞贯中 , 贝铮 编 | |
| 分册: | ||
| 出版信息: | 石家庄 河北人民出版社 1984 |
|
| 页数: | 275页 | |
| 开本: | 19cm | |
| 丛书名: | ||
| 单 册: | ||
| 中图分类: | O4-44 , G633.7 | |
| 科图分类: | ||
| 主题词: | 物理--解题 , 教育--各级 | |
| 电子资源: | ||
| ISBN: | ||
| 000 | 00753nam0 2200277 45 | |
| 001 | 0184002766 | |
| 005 | 20030108004955.3 | |
| 010 | @dCNY0.81 | |
| 091 | @a7086.1156 | |
| 100 | @a19950629d1984 em y0chiy0121 ea | |
| 101 | 0 | @achi |
| 102 | @aCN@b130000 | |
| 105 | @ay zq 000yy | |
| 106 | @ar | |
| 200 | 10 | @a怎样提高解决物理问题的能力@Azen yang ti gao jie jue wu li wen ti de neng li@f俞贯中,贝铮编 |
| 210 | @a石家庄@c河北人民出版社@d1984 | |
| 215 | @a275页@d19cm | |
| 606 | @a物理@x解题 | |
| 606 | 0 | @a教育@x各级 |
| 690 | @aO4-44@v3 | |
| 690 | @aG633.7 | |
| 701 | 0 | @a俞贯中@Ayu guan zhong@4编 |
| 701 | 0 | @a贝铮@Abei zheng@4编 |
| 801 | 0 | @aCN@b上海图书馆@c20030108 |
| 801 | 2 | @aCN@bNLC@c20030108 |
| 905 | @f2@b118214-215@dG633.7@e58 | |
| 怎样提高解决物理问题的能力/俞贯中,贝铮编.-石家庄:河北人民出版社,1984 |
| 275页;19cm |
| ISBN :CNY0.81 |
| ● |
| 相关链接 |
|
|
|
|
正题名:怎样提高解决物理问题的能力
索取号:G633.7/58
 
预约/预借
| 序号 | 登录号 | 条形码 | 馆藏地/架位号 | 状态 | 备注 |
| 1 | 0118214 | 000618503 | 密集书库/ [索取号:G633.7/58] | 在馆 | |
| 2 | 0118215 | 000618512 | 密集书库/ [索取号:G633.7/58] | 在馆 | |
| 3 | 0118216 | 002066784 | 第一样本阅览室/ [索取号:G633.7/58] | 在馆 |